000
00285nam a22001337a 4500
003
SGT
082
_a
346.03
_b
SIN
100
_a
SINGH , G P
245
_a
RATANLAL & DHIRAJLAL THE LAW OF TORT
250
_a
23
260
_a
DELHI
_b
UNIVERSAL
_c
1999
300
_a
801
942
_2
ddc
_c
BK
_0
3
999
_c
25155
_d
25155